000 00693nam a2200289Ia 4500
005 20260324121641.0
008 008 260324s9999 xx 000 0 eng d
020 _a9781315425214
037 _aEBOOK
040 _aCRL
040 _beng
040 _cCRL
041 _2eng
041 _aeng
084 _qCRL
100 _aLaurence Douny
_91163331
245 0 _aLiving in a Landscape of Scarcity
245 0 _bMateriality and Cosmology in West Africa
260 _bTaylor and Francis
260 _c2014
365 _a
365 _b265
856 _uhttp://www.taylorfrancis.com/books/9781315425214
942 _cEBOOK
999 _c1755577
_d1755577